When a great tradition modernizes (Record no. 360974)

MARC details
000 -LEADER
fixed length control field 00521 a2200205 4500
005 - DATE & TIME
control field 20250409111520.0
008 - FIXED-LENGTH DATA ELEMENTS--GENERAL INFORMATION
fixed length control field 409b |||||||| |||| 00| 0 eng d
020 ## - ISBN
International Standard Book Number 9788131613320
Price Rs. 1895.00
040 ## - CATALOGING SOURCE
Original cataloging agency VIVEKANANDA LIBRARY
082 ## - DDC NUMBER
Classification number 301.20954
Book Number S64W
100 ## - MAIN ENTRY--PERSONAL NAME
Personal name Singer, Milton
110 ## - MAIN ENTRY--CORPORATE NAME
Corporate name
245 ## - TITLE STATEMENT
Title When a great tradition modernizes
260 ## - PUBLICATION, DISTRIBUTION, ETC. (IMPRINT)
Name of publisher, distributor, etc Rawat Publications
Place of publication, distribution, etc Jaipur
Date of publication, distribution, etc 2023
300 ## - PHYSICAL DESCRIPTION
Pages xviii, 430
650 ## - Subject
Subject Sociology
650 ## - Subject
Subject Indian Civilization
650 ## - Subject
Subject Anthropological
942 ## - ADDED ENTRY ELEMENTS (KOHA)
Koha item type Books
Holdings
Withdrawn status Lost status Source of classification or shelving scheme Damaged status Not for loan Location (home branch) Sublocation or collection (holding branch) Shelving location Date acquired Koha issues (times borrowed) Koha full call number Accession No. Koha date last seen Koha item type
    Dewey Decimal Classification     VIVEKANANDA LIBRARY VIVEKANANDA LIBRARY Vivekananda Library 09/04/2025   301.20954 S64W 441560 09/04/2025 Books
© Designed and Maintained by Vivekananda Library, MDU Rohtak